Catàleg del Col·legi de Periodistes de Catalunya

Report.cat (Registre núm. 7640)

000 -CABECERA
Campo de control de longitud fija 01091nam a22002537a 4500
008 - CAMPO FIJO DE DESCRIPCIÓN FIJA--INFORMACIÓN GENERAL
Campo de control de longitud fija 220215b ||||| |||| 00| 0 eng d
022 ## - ISSN (INTERNATIONAL STANDARD SERIAL NUMBER)
ISSN 2696-9505
040 ## - FUENTE DE CATALOGACIÓN
Agencia de catalogación original CDMR
041 ## - CÓDIGO DE IDIOMA
Código de idioma para texto, pista de sonido o título separado CAT
210 ## - TÍTULO ABREVIADO
Título abreviado Report.cat
222 ## - TÍTULO CLAVE
Título Clave Report.cat
245 ## - MENCIÓN DE TÍTULO
Título Report.cat
Parte restante del título : setmanari d'anàlisi de periodisme i comunicació [Recurs electrònic]
Mención de responsabilidad, etc. / projecte impulsat pel Col·legi de Periodistes de Catalunya
260 ## - PUBLICACIÓN, DISTRIBUCIÓN, ETC (PIE DE IMPRENTA)
Lugar de publicación, distribución, etc. Barcelona
Nombre del editor, distribuidor, etc. : Col·legi de Periodistes de Catalunya,
Fecha de publicación, distribución, etc. 2014-
300 ## - DESCRIPCIÓN FÍSICA
Extensión v.
Otros detalles físicos il.
310 ## - PERIODICIDAD ACTUAL DE LA PUBLICACIÓN
Frecuencia actual de la publicación Setmanal
Fecha de la frecuencia actual de publicación 2014 -
362 ## - DATOS DE LA PUBLICACIÓN Y/O DESIGNACIÓN SECUENCIAL
Fechas de publicación y/o designación secuencial Núm. 1 (maig 2014) -
505 ## - NOTA DE CONTENIDO FORMATEADA
Nota de contenido con formato preestablecido L'equip de Report.cat està format íntegrament per periodistes col·legiats. El portal compta amb una subvenció de la Fundació Ferrer i Eguizábal, amb la qual es premien els millors treballs.
650 #0 - ASIENTO SECUNDARIO DE MATERIA--TÉRMINO DE MATERIA
9 (RLIN) 3172
Nombre de materia o nombre geográfico como elemento de entrada Periodisme
Subdivisión geográfica Catalunya
Subdivisión de forma Revistes
650 #0 - ASIENTO SECUNDARIO DE MATERIA--TÉRMINO DE MATERIA
9 (RLIN) 4470
Nombre de materia o nombre geográfico como elemento de entrada Comunicació
Subdivisión geográfica Catalunya
Subdivisión de forma Revistes
710 2# - ENCABEZAMIENTO SECUNDARIO--NOMBRE CORPORATIVO
9 (RLIN) 133
Nombre corporativo o de jurisdicción como elemento de entrada Col·legi de Periodistes de Catalunya
710 ## - ENCABEZAMIENTO SECUNDARIO--NOMBRE CORPORATIVO
9 (RLIN) 4821
Nombre corporativo o de jurisdicción como elemento de entrada Fundació privada Ferrer Eguizábal
856 ## - ACCESO ELECTRÓNICO
Identificador uniforme del recurso URI <a href="https://www.report.cat/">https://www.report.cat/</a>
Texto del enlace Accés lliure
942 ## - ELEMENTOS KOHA
Fuente de clasificación o esquema de ordenación en estanterías
Koha tipo de item Publicacions periòdiques
Serial record flag 1

No hi ha exemplars disponibles.

Implantat amb Koha